000 00710nam a2200217Ii 4500
003 JO-AjNU
008 230605s9999||||xx |||||||||||||| ||und||
017 _a2009/8710
020 _a977-10-2498-1
040 _aJO-AjNU
_bara
_erda
_cJO-AjNU
041 _aara
050 1 4 _aBP144.2.C44.K53 2009
100 3 _aالخفيف، علي,
_eauthor
_945610
245 0 0 _aالشركات في الفقه الإسلامي بحوث مقارنه
264 3 1 _aالقاهرة: دار الفكر العربي، 2009
300 _a159ص
336 _atext
_btxt
_2rdacontent
337 _aunmediated
_bn
_2rdamedia
338 _avolume
_bnc
_2rdacarrier
650 4 _aالشركات- فقه اسلامي- بحوث
_945611
999 _aA19784
_c23352
_d23352